| 000 | 00598nam a2200217Ia 4500 | ||
|---|---|---|---|
| 005 | 20250704124830.0 | ||
| 008 | 191130s2010##################000#0#eng## | ||
| 020 |
_a9781846272295 _qpbk |
||
| 041 | _aeng | ||
| 082 | _a823.92 SAC | ||
| 100 | _aSackville, Amy | ||
| 245 |
_aThe still point _cAmy Sackville |
||
| 250 | _a1st ed | ||
| 260 |
_aLondon _bPortobello Books _c2010 |
||
| 300 | _a307 p. : ill., map ; 21 cm | ||
| 500 | _aIncludes bibliographical references | ||
| 650 | _aExplorers - Fiction | ||
| 650 | _aFamily secrets - Fiction | ||
| 650 | _aMarriage - Fiction | ||
| 942 | _cENGLISH | ||
| 999 |
_c71396 _d71396 |
||